000
00260nam a22001097a 4500
082
_a
621.977 DEZ'A
100
_a
DEZETTLE, LEWIS M
_9
78260
245
_a
ABC'S OF ELECTRICAL SOLDERING
260
_a
NEWYORK
_b
HOWARD W. SONS
_c
1968
300
_a
128P
942
_c
BK
999
_c
583408
_d
583408